[Event "Guillermo Garcia Memorial-D"]
[Site "Santa Clara"]
[Date "2024.05.19"]
[Round "7"]
[White "Hernandez Navarro, Adriano"]
[Black "Gonzalez Hernandez, Derek Alejandro"]
[Result "0-1"]
[WhiteElo "1859"]
[BlackElo "2052"]
[PlyCount "70"]
[EventDate "2024.05.14"]
[EventType "swiss"]
[EventRounds "9"]
[EventCountry "CUB"]
[SourceTitle "CBM 220 Extra"]
[Source "ChessBase"]
[SourceDate "2024.07.31"]
[SourceVersion "1"]
[SourceVersionDate "2024.07.31"]
[SourceQuality "1"]

1. b3 e5 2. Bb2 Nc6 3. e3 Nf6 4. g3 d5 5. Bg2 Bd6 6. Nc3 Be6 7. f4 exf4 8. exf4 Qe7 9. Nce2 0-0-0 10. Nf3 Bg4 11. 0-0 Rde8 12. Ned4 Bc5 13. c3 h5 14. b4 Bb6 15. Qb3 Qd7 16. a4 Bxf3 17. Rxf3 h4 18. gxh4 Rxh4 19. a5 Bxd4+ 20. cxd4 Ne4 21. b5 Nd8 22. b6 cxb6 23. d3 Nf6 24. axb6 a6 25. Rf2 Kb8 26. Rc2 Qg4 27. Qc3 Nc6 28. Rxa6 Qxf4 29. Bf1 Rg4+ 30. Rg2 Rxg2+ 31. Kxg2 Ng4 32. Qc1 Qf2+ 33. Kh3 Rh8+ 34. Kxg4 Rh4+ 35. Kg5 Qf6# 0-1

[Event "Guillermo Garcia Memorial-D"]
[Site "Santa Clara"]
[Date "2024.05.18"]
[Round "6"]
[White "Gonzalez Hernandez, Derek Alejandro"]
[Black "Hidalgo Dibut, Alejandro"]
[Result "1/2-1/2"]
[WhiteElo "2052"]
[BlackElo "1964"]
[PlyCount "124"]
[EventDate "2024.05.14"]
[EventType "swiss"]
[EventRounds "9"]
[EventCountry "CUB"]
[SourceTitle "CBM 220 Extra"]
[Source "ChessBase"]
[SourceDate "2024.07.31"]
[SourceVersion "1"]
[SourceVersionDate "2024.07.31"]
[SourceQuality "1"]

1. e4 e6 2. d4 d5 3. Nc3 dxe4 4. Nxe4 Bd7 5. Nf3 Bc6 6. Bd3 Nd7 7. 0-0 Ngf6 8. Ng3 Bxf3 9. Qxf3 c6 10. c4 Bd6 11. b3 0-0 12. Bb2 a5 13. a3 Re8 14. Rad1 Qe7 15. a4 Bb4 16. Nh5 Nxh5 17. Qxh5 Nf6 18. Qh4 h6 19. f4 Qc7 20. d5 Be7 21. dxe6 fxe6 22. Kh1 Rad8 23. Rf3 Qb6 24. Qe1 Kf8 25. Bg6 Rxd1 26. Qxd1 Rd8 27. Qe2 c5 28. h3 Rd6 29. Be5 Rc6 30. g4 Qb4 31. g5 Nd7 32. Bc3 Qa3 33. Bb2 Qb4 34. gxh6 gxh6 35. f5 e5 36. Rd3 Rd6 37. Rxd6 Bxd6 38. Bc1 Qc3 39. Bxh6+ Ke7 40. Qe3 Qa1+ 41. Qc1 Qd4 42. Qg5+ Nf6 43. Bf8+ Kd7 44. Qxf6 Qe4+ 45. Kh2 Qf4+ 46. Kg2 Qe4+ 47. Kg3 Qf4+ 48. Kg2 Qe4+ 49. Kf2 Qd4+ 50. Ke2 Qe4+ 51. Kd2 Qd4+ 52. Kc2 Qf2+ 53. Kb1 Qe1+ 54. Kc2 Qe2+ 55. Kc3 Qe3+ 56. Kc2 Qe2+ 57. Kb1 Qd1+ 58. Kb2 Qd2+ 59. Ka3 Qc1+ 60. Ka2 Qc2+ 61. Ka1 Qc1+ 62. Ka2 Qc2+ 1/2-1/2

[Event "Guillermo Garcia Memorial-D"]
[Site "Santa Clara"]
[Date "2024.05.15"]
[Round "2"]
[White "Gonzalez Hernandez, Derek Alejandro"]
[Black "Ibanez Milian, Dagoberto"]
[Result "1-0"]
[WhiteElo "2052"]
[BlackElo "2157"]
[PlyCount "93"]
[EventDate "2024.05.14"]
[EventType "swiss"]
[EventRounds "9"]
[EventCountry "CUB"]
[SourceTitle "CBM 220 Extra"]
[Source "ChessBase"]
[SourceDate "2024.07.31"]
[SourceVersion "1"]
[SourceVersionDate "2024.07.31"]
[SourceQuality "1"]

1. e4 Nc6 2. Nf3 d6 3. d4 g6 4. d5 Nb8 5. c4 Bg7 6. Nc3 c5 7. Bd3 Nf6 8. h3 a6 9. 0-0 0-0 10. Qe2 Nbd7 11. a4 Qc7 12. Be3 e6 13. dxe6 fxe6 14. e5 Nxe5 15. Nxe5 dxe5 16. Ne4 Nxe4 17. Bxe4 Bd7 18. Rfd1 Rf7 19. Rd2 Rc8 20. Qg4 b6 21. h4 Bc6 22. Bxc6 Qxc6 23. Rad1 Bf8 24. h5 Rg7 25. h6 Rf7 26. Rd8 Rxd8 27. Rxd8 Rd7 28. Rb8 Qd6 29. Rc8 Qd1+ 30. Qxd1 Rxd1+ 31. Kh2 Rd7 32. a5 Kf7 33. axb6 e4 34. Bf4 e5 35. Rc7 Ke6 36. b7 Bd6 37. b8Q Rxc7 38. Qe8+ Re7 39. Qc8+ Rd7 40. Bg5 a5 41. Qe8+ Be7 42. Bxe7 Rxe7 43. Qc6+ Kf5 44. Kh3 Kg5 45. Qxe4 Rf7 46. Qxe5+ Kxh6 47. Qxc5 1-0

[Event "Varadero op-A"]
[Site "Varadero"]
[Date "2023.10.06"]
[Round "7"]
[White "Gonzalez Hernandez, Derek Alejandro"]
[Black "Carrera Gonzalez, Enmanuel"]
[Result "0-1"]
[WhiteElo "1887"]
[BlackElo "2156"]
[PlyCount "106"]
[EventDate "2023.10.03"]
[EventType "swiss"]
[EventRounds "9"]
[EventCountry "CUB"]
[SourceTitle "EXT 2025"]
[Source "ChessBase"]
[SourceDate "2024.10.14"]
[SourceVersion "1"]
[SourceVersionDate "2024.10.14"]
[SourceQuality "1"]

1. e4 c6 2. d4 d5 3. f3 Nf6 4. e5 Nfd7 5. f4 e6 6. Nf3 c5 7. c3 Nc6 8. Be2 Qb6 9. 0-0 Be7 10. a3 f6 11. Kh1 0-0 12. b4 cxd4 13. cxd4 fxe5 14. dxe5 a5 15. b5 Na7 16. Nc3 Qc7 17. Na4 Nb6 18. Bd2 Nxa4 19. Qxa4 Bd7 20. Rac1 Qb6 21. Nd4 Bxa3 22. Qxa3 Qxd4 23. Be3 Qb4 24. Qxb4 axb4 25. Bxa7 Rxa7 26. Rc7 Rf7 27. g3 Be8 28. Rc8 Rf8 29. Rb1 Bg6 30. Rxf8+ Kxf8 31. Rxb4 Be4+ 32. Kg1 Ra2 33. Kf1 Bc2 34. Rd4 Bb3 35. Rb4 Bc2 36. Rd4 Rb2 37. Kf2 Be4 38. Rd1 Bf5 39. Ke1 Rxe2+ 40. Kxe2 Bg4+ 41. Ke1 Bxd1 42. Kxd1 h6 43. Kd2 g5 44. Ke3 Kf7 45. fxg5 hxg5 46. h4 gxh4 47. gxh4 Kg6 48. Kf4 Kh5 49. Kg3 b6 50. Kh3 d4 51. Kg3 d3 52. Kf3 Kxh4 53. Ke3 Kg4 0-1

[Event "Varadero op-A"]
[Site "Varadero"]
[Date "2023.10.03"]
[Round "2"]
[White "Gonzalez Hernandez, Derek Alejandro"]
[Black "Hernandez Izquierdo, Jose A"]
[Result "1-0"]
[WhiteElo "1887"]
[BlackElo "2134"]
[PlyCount "79"]
[EventDate "2023.10.03"]
[EventType "swiss"]
[EventRounds "9"]
[EventCountry "CUB"]
[SourceTitle "EXT 2025"]
[Source "ChessBase"]
[SourceDate "2024.10.14"]
[SourceVersion "1"]
[SourceVersionDate "2024.10.14"]
[SourceQuality "1"]

1. e4 c5 2. c3 Nf6 3. e5 Nd5 4. Bc4 e6 5. Nf3 d6 6. exd6 Bxd6 7. d4 cxd4 8. cxd4 Nc6 9. 0-0 0-0 10. Nc3 Nf6 11. a3 a6 12. Bd3 Qc7 13. Qe2 Rd8 14. Be3 Bf4 15. Rad1 Ne7 16. Ne5 Bxe5 17. dxe5 Nfd5 18. Bg5 Nxc3 19. bxc3 Re8 20. Bxh7+ Kxh7 21. Rd3 Rh8 22. Rfd1 Nd5 23. c4 Bd7 24. cxd5 exd5 25. Rxd5 Bf5 26. Qf3 Bg6 27. Rd7 Qa5 28. Qh3+ Kg8 29. Qg3 Rh5 30. h4 Re8 31. Rd8 Rxd8 32. Rxd8+ Kh7 33. Rd7 Qb5 34. Re7 Qd5 35. e6 b5 36. Qf4 Rxg5 37. hxg5 Qd1+ 38. Kh2 fxe6 39. Kg3 Qd3+ 40. Kh2 1-0

[Event "Copa La Chiringa "]
[Site "Granma"]
[Date "2018.10.31"]
[Round "3"]
[White "Gonzalez Hernandez, Derek Alejandro"]
[Black "Gutierres Cabrales, Yelennis Clau"]
[Result "0-1"]
[WhiteElo "1592"]
[BlackElo "1650"]
[PlyCount "126"]
[EventDate "2018.10.30"]
[EventType "swiss"]
[EventRounds "7"]
[EventCountry "CUB"]
[SourceTitle "EXT 2021"]
[Source "ChessBase"]
[SourceDate "2020.10.23"]
[SourceVersion "1"]
[SourceVersionDate "2020.10.23"]
[SourceQuality "1"]

1. e4 c6 2. d4 d5 3. exd5 cxd5 4. Nc3 Nf6 5. Bg5 e6 6. Nf3 Nc6 7. Bb5 Bd7 8. 0-0 Bb4 9. Bxc6 Bxc6 10. Ne5 Rc8 11. Re1 0-0 12. Re3 Be7 13. Qf3 Qb6 14. Qf4 Qxb2 15. Rb1 Qxc2 16. Rg3 Rfe8 17. Bxf6 g6 18. Bxe7 Rxe7 19. Qc1 Qxc1+ 20. Rxc1 Ba4 21. Ne2 Rec7 22. Rxc7 Rxc7 23. Rc3 Re7 24. h3 Kg7 25. Ng3 Kf6 26. Rf3+ Kg5 27. Rxf7 Rxf7 28. Nxf7+ Kf6 29. Ne5 b5 30. Nc6 a6 31. Nb4 a5 32. Nc6 e5 33. dxe5+ Ke6 34. Nxa5 Kxe5 35. Ne2 Ke4 36. Nc3+ Kd4 37. Nxa4 bxa4 38. Kf1 Kc3 39. Nc6 Kb2 40. Ke2 Kxa2 41. Nb4+ Kb3 42. Nxd5 a3 43. Nf6 a2 44. Nxh7 a1Q 45. Nf8 Qa8 46. Nxg6 Qxg2 47. Ke3 Qxg6 48. f4 Qg3+ 49. Ke4 Qxh3 50. Ke5 Qh5+ 51. f5 Qe8+ 52. Kf4 Qe7 53. Kg4 Kc4 54. Kh5 Kd4 55. Kg6 Ke5 56. f6 Qxf6+ 57. Kh5 Qg7 58. Kh4 Qg6 59. Kh3 Qg5 60. Kh2 Qg4 61. Kh1 Kf4 62. Kh2 Kf3 63. Kh1 Qg2# 0-1